000 00322 a2200157 4500
260 _aParis
260 _bMasson
245 _aDiététique infantile
100 _aChevallier, B.
260 _c1996
300 _a260 p.
035 _a8198
999 _c18110
_d18110